00830nam a22002537a 450000500170000001000110001702000100002803500110003803700160004904000120006508200130007710000230009024500620011324600060017526000370018127000480021830000250026650000330029165000270032465000260035194200220037799900190039995201580041820170124110252.0 a535402 c24.00 a535402 bCen Lib/Ret aDPLbEN a637bFAR aFarrall, W.999647 aEngineering for dairy and food products /cby W. Farrall  b  aNew Delhi bWiley Eastern c1967 bNew Delhi aJ-31, South extention e110001 axix, 672p.c19cm(Hb) aIncludes appendix and index  aDairy industry 999648 aFood industry 999649 2ddccENh637mPAR c135944d135944 04104070aLbLd2015-10-10eCen Lib/Retg24.00l0o637 FARp535402r2015-10-10 00:00:00t1v24.00w2015-10-10yENzW/d List No. 6873/ 3; dtd 20/08/2020